LEADER 00864nam0-2200325---450- 001 990008416690403321 005 20110913151812.0 010 $a0-300-10680-7 035 $a000841669 035 $aFED01000841669 035 $a(Aleph)000841669FED01 035 $a000841669 100 $a20061110d2005----km-y0itay50------ba 101 0 $aeng 102 $aUS 105 $aa-------001yy 200 1 $aRealist vision$fPeter Brooks 210 $aNew Haven$cYale University Press$dc2005 215 $a255 p.$cill.$d25 cm 610 0 $aRealismo in letteratura 676 $a809.912 700 1$aBrooks,$bPeter$0184498 801 0$aIT$bUNINA$c20061110$gRICA$2UNIMARC 901 $aBK 912 $a990008416690403321 952 $a809.912 BRO 1$fFLFBC 952 $a809.912 BRO 1BIS$fFLFBC 959 $aFLFBC 996 $aRealist vision$9725814 997 $aUNINA LEADER 01736nam--2200481---450- 001 990001206280203316 005 20070625132057.0 035 $a000120628 035 $aUSA01000120628 035 $a(ALEPH)000120628USA01 035 $a000120628 100 $a20031020d1973----km-y0itay0103----ba 101 0 $aeng 102 $aUS 105 $a||||||||001yy 200 1 $aAmerican Literature$ean anthology with critical introductions$fedited by Carl Bode, Leon Howard, Louis B. Wright 210 $aNew York$cWashington square press$d1973 215 $a3. vol.$d18 cm 225 2 $aPocket Books 327 1 $aVol. 1 : The 17th and 18th centuries, XI, 719 p. - vol. 2. : The first part of the 19th century, X, 755 p. - vol. 3. : The last part of the 19th century, IX, 610 p. 410 0$12001$aPocket Books 454 1$12001 461 1$1001-------$12001 606 0 $aLetteratura americana$xAntologia$zXVII-XIX sec. 700 1$aBODE,$bCarl$0393540 701 1$aHOWARD,$bLeon$0556124 701 1$aWRIGTH,$bLouis B.$0556125 801 0$aIT$bsalbc$gISBD 912 $a990001206280203316 951 $aVII.4.A. 514/1(II i B 274/ 1)$b57639 L.M.$cII i 951 $aVII.4.A. 514/2(II i B 274/ 2)$b57640 L.M.$cII i 951 $aVII.4.A. 514/3(II i B 274/ 3)$b57641 L.M.$cII i 959 $aBK 969 $aUMA 979 $aSIAV1$b10$c20031020$lUSA01$h1556 979 $aPATRY$b90$c20040406$lUSA01$h1726 979 $aCOPAT3$b90$c20050719$lUSA01$h1126 979 $aCOPAT1$b90$c20070619$lUSA01$h1641 979 $aCOPAT1$b90$c20070625$lUSA01$h1312 979 $aCOPAT1$b90$c20070625$lUSA01$h1316 979 $aCOPAT1$b90$c20070625$lUSA01$h1320 996 $aAmerican Literature$9985788 997 $aUNISA LEADER 02100nam 2200457Ia 450 001 996386518103316 005 20211222072620.0 035 $a(CKB)4940000000083201 035 $a(EEBO)2264173157 035 $a(OCoLC)ocm18570213e 035 $a(OCoLC)18570213 035 $a(EXLCZ)994940000000083201 100 $a19881005d1659 uy | 101 0 $aeng 135 $aurbn#|||a|bb| 200 10$aPseudodoxia epidemica, or, Enquiries into very many received tenents, and commonly presumed truths$b[electronic resource] $ewhereunto is added Religio medici, and A discourse of the sepulchral-urnes lately found in Norfolk : together with The garden of Cyrus, or, The quincuncial lozenge, or, Net-work plantations of the ancients, artificially, naturally, mystically considered : with sundry observations /$fby Thomas Brown .. 205 $aThe last edition, corrected and enlarged by the authour,$btogether vvith some marginal observations, and a table alphabetical at the end. 210 $aLondon $cPrinted for Nath. Ekins ...$d1659 215 $a[12], 326, [14], 64 p., [2] leaves of plates $cill 300 $a"Religio medici, [etc.]" has special t.p. and separate paging, with imprint: Printed for the good of the commonwealth. 300 $aImperfect: print show-through, with loss of print. 300 $aIncludes bibliographical references and index. 300 $aReproduction of original in the Kings College Library, Cambridge University. 330 $aeebo-0074 606 $aErrors, Popular 606 $aLearning and scholarship 606 $aSuperstition 606 $aUrn burial 607 $aNorfolk (England)$xAntiquities 615 0$aErrors, Popular. 615 0$aLearning and scholarship. 615 0$aSuperstition. 615 0$aUrn burial. 700 $aBrowne$b Thomas$cSir,$f1605-1682.$0195293 801 0$bEAI 801 1$bEAI 801 2$bWaOLN 906 $aBOOK 912 $a996386518103316 996 $aPseudodoxia epidemica, or, Enquiries into very many received tenents and commonly presumed truths$92312430 997 $aUNISA